| 000 | 01640nam0a2200313 4500 | ||
|---|---|---|---|
| 001 | RU\NLR\bibl\1176761 | ||
| 005 | 20250615091042.0 | ||
| 010 |
_a978-5-88151-747-2 _9120 |
||
| 021 |
_aRU _b2007-83095 _94479 |
||
| 035 | _a(NLR Aleph) 001163405 | ||
| 090 |
_a1551834 _c1551834 |
||
| 100 | _a20080117d2007 |||y0rusy50 ca | ||
| 101 | 0 | _arus | |
| 102 | _aRU | ||
| 105 | _aa ||||||||| | ||
| 200 | 1 |
_aТехника и технология испытания пластов при бурении нефтяных и газовых скважин _eучебное пособие _fЛ.Н. Долгих, С.Е. Чернышов _gФедер. агентство по образованию, Гос. образоват. учреждение высш. проф. образования "Перм. гос. техн. ун-т" |
|
| 210 |
_aПермь _cИзд-во Пермского государственного технического университета _d2007 |
||
| 215 |
_a42 с. _cил. _d21 |
||
| 320 | _aБиблиогр.: с. 42 (5 назв.) | ||
| 606 | 1 |
_aНефтяные скважины _jУчебные издания для высших учебных заведений _xИспытание _91202725 _3RU\NLR\auth\66487107 |
|
| 686 | _aД454.1-557.051я73 | ||
| 700 | 1 |
_aДолгих _bЛ. Н. _gЛеонид Николаевич _4070 |
|
| 701 | 1 |
_4070 _7ca _8rus _aЧернышов _bС. Е. _cканд. техн. наук _gСергей Евгеньевич _9148531 _3RU\NLR\AUTH\770148567 |
|
| 801 | 0 |
_aRU _bNLR _c20080117 _gRCR |
|
| 801 | 1 |
_aRU _bNLR _c20080117 |
|
| 942 | _cBOOK | ||
| 980 | _aNB | ||